000 00992nam a22002537a 4500
005 20121016110333.0
008 121016t xxu||||| |||| 00| 0 eng d
010 _aENG-106097
020 _a9781259006050
_c595.00
035 _aEN-89630
037 _bDBAD/PUB
040 _aDPL
_bEng
082 _a363.7
100 _aArceivala, Soli J.
_953129
245 1 0 _aEnvironmental studies :
_cby Soli J. Arceivala [and] Shyam R. Asolekar
_ba practitioner's approach /
260 _aNew Delhi
_bTata McGraw-Hill
_c2012
270 _a7 West Patel Nagar
_bNew Delhi
_e110008
300 _axvii,322p. :
_bill.
_c23cm(pbk)
500 _aIncludes index
700 _aAsolekar, Shyam R.
_953130
942 _2ddc
_cEN
_h363.7
_mARC
999 _c70952
_d70952